Psychology in the New Millennium (Record no. 6042)

MARC details
005 - DATE AND TIME OF LATEST TRANSACTION
control field 20250628135756.0
020 ## - INTERNATIONAL STANDARD BOOK NUMBER
International Standard Book Number 0-15-511282-1
082 ## - DEWEY DECIMAL CLASSIFICATION NUMBER
Classification number 150 RAT
100 ## - MAIN ENTRY--PERSONAL NAME
Author name RATHUS, S.
245 ## - TITLE STATEMENT
Title Psychology in the New Millennium
250 ## - EDITION STATEMENT
Edition statement 8th Ed.
260 ## - PUBLICATION, DISTRIBUTION, ETC.
Place of publication, distribution, etc. New York,
Name of publisher, distributor, etc. Thomson,
Date of publication, distribution, etc. 2002.
300 ## - PHYSICAL DESCRIPTION
Extent xxiiv, 587p.; ill.; figure, picture
Dimensions 26cm
942 ## - ADDED ENTRY ELEMENTS (KOHA)
Source of classification or shelving scheme Dewey Decimal Classification
Koha item type Books
Holdings
Date last seen Total checkouts Full call number Barcode Cost, replacement price Price effective from Koha item type Lost status Source of classification or shelving scheme Damaged status Not for loan Withdrawn status Home library Current library Shelving location Date acquired Cost, normal purchase price
06/28/2025   150 RAT DOM0002499 135000.00 06/28/2025 Books   Dewey Decimal Classification       CBE Dodoma CBE Dodoma General Collection 06/05/2019 45000.00